| 000 | 00377cam a2200157ua 4500 | ||
|---|---|---|---|
| 041 |
_aeng _h |
||
| 082 |
_a828.09 _bCAM/JO |
||
| 100 | _aCameron, J M . | ||
| 245 |
_aJohn Henry Newmann / _cJ M Cameron. _hTextual Documents |
||
| 250 |
_a1 / _b. |
||
| 260 |
_aLondon : _bLongman Green and Co , _c1963. |
||
| 300 | _a41 ; . | ||
| 504 | _a | ||
| 942 | _cBK | ||
| 999 |
_c6719 _d6719 |
||